00752nam a2200241 450000100060000001000180000602100180002409000100004210000410005210100080009310200070010120000930010820500140020121000380021521500240025370000140027770100420029170100330033370200280036680100160039499000110041099500890042132950 a9789727932566 aPTb465139/19 a32950 a20201030d2020 c y0pory50030103ba1 apor aPT1 aO trollzarrãofAprilkind, Barbara van den Speulhof, Stephan Prickengtrad. Pedro Costa a1ª. ed. aEstorilcMinutos de Leiturad2020 a[26] p.cil.d31 cm 0aAprilkind aSpeulhofbBarbara van den 407094549 aPrickenbStephan 407094550 92529aCostabPedro4730 0aPTbBNgRPC cLIVROS 0010945808bBMVAdBMVAf0032709k087.5 SPEm2025-02-03o0rLIVROSuATÉ AOS 6 ANOS